000 00525nam a2200181 i 4500
001 12362
003 ES-MaACL
005 20230906150309.0
007 t|
008 900604s1991 sp ||||0| spa j
020 _a84-404-8775-4
080 _a860-14"19"
100 1 _aGonzález, Mike.
_958368
245 1 4 _aLos mejores poemas de Mike González y sus versos de amor...
_b: un regalo para ti.
260 _a[S.l. :
_bel autor,
_c1991 ?]
300 _a180 p. :
_b1 retr. ;
_c20 cm.
852 _aES-MaACL
_jL-19792
_bR.120161
999 _c12362
_d12362